000 01257nam a22003737a 4500
003 CHAP
005 20220329135409.0
008 971013s1975 r 00010 d
010 _a35716
011 _a36688
035 _a40807
040 _cCHAP
082 _a630.72
_bO73
110 _aOrganismo Internacional de Energía Atómica
_983512
245 _aRadiation techniques for water-use efficiency studies
260 _aVienna :
_bOIEA,
_c1975
300 _a125 p.
_b: ilus. ; gráfs.
490 _aTechnical reports series
_v; 168
590 _aBATCH-UPD
_b10
_c20130110
_lUCH01
_h0209
590 _aBATCH-UPD
_b10
_c20130110
_lUCH01
_h1155
590 _aBATCH-UPD
_b10
_c20130409
_lUCH01
_h2223
590 _aBATCH-UPD
_b10
_c20130410
_lUCH01
_h1402
590 _aBATCH-UPD
_b10
_c20130914
_lUCH01
_h1335
590 _aBATCH-UPD
_b10
_c20141001
_lUCH01
_h1311
590 _aCONVERSION
_b10
_c20130109
_lUCH01
_h1320
650 1 4 _aAgua
_xUtilización.
_92401
650 1 4 _aEvapotranspiración.
_938968
650 1 4 _aLesímetros.
_966345
650 1 4 _aRadiación
_xEfecto en suelos.
_993676
830 0 _aTechnical reports series
_v; 168
_9111913
901 _aBK
942 _cLIBRO
949 _a630.72 O73
_bBC
_cLIBRO
_d33724000042883
_eLIBRO
_h61013
_i40807
_si
999 _c35716
_d35716